Napoleonic Wars Quiz #1 - Statistics

General Stats
  • This quiz has been taken 177 times
  • The average score is 7 of 15
Answer Stats
Hint Answer % Correct
Emperor of the French Napoleon
99%
Last battle Waterloo
72%
First wife of Napoleon Josephine
69%
Capital of Austria Vienna
68%
Napoleons "Best victory" Austerlitz
61%
Napoleon sold this territory for 15m Dollars Louisiana
60%
Wellingtons Name Arthur Wellesley
47%
Number of Coalitions against France Seven
45%
Islands Napoleon was Exiled to Elba and Saint Helena
38%
Most feared unit in Europe Old Guard
30%
Germanic states union Holy Roman Empire
23%
Timespand of the Napoleonic wars 1803-1815
20%
Three most known Marechals of the French Empire divided with a comma Ney, Murat, Davout
15%
France's biggest rival Britian
8%
Napoleons Frist Victory Seige of Toulon
2%
No matching quizzes found
Score Distribution
Percent of People with Each Score
Percentile by Number Answered
Your Score History
You have not taken this quiz